000 00560nam a2200217Ia 4500
003 OSt
005 20221005124837.0
006 a|||||r|||| 00| 0
007 ta
008 221004b |||||||| |||| 00| 0 tam d
024 _a49964
037 _cTextual
040 _aCRL
_cCRL
_btam
041 _2tam
_atam
082 _aO31,3N30,8, L8
100 _aIndirapartha Sarathy
_9635836
245 0 _aNilamenumnallal
650 _aTAMIL LITERATURE
942 _hO31,3N30,8, L8
_cTEXL
_2cc
999 _c1051850
_d1051850